|
|
|
|
| LEADER |
00000nas a2200000 a 4500 |
| 001 |
ssj0006061 |
| 003 |
WaSeSS |
| 005 |
20200512172242.0 |
| 006 |
m d |
| 007 |
cr n |
| 008 |
980909d19712014vauar pss f0 0eng c |
| 010 |
|
|
|a 2001232953
|
| 016 |
7 |
|
|a 100941689
|2 DNLM
|
| 022 |
|
|
|y 0093-8440
|
| 035 |
|
|
|a (WaSeSS)ssj0006061
|
| 037 |
|
|
|b Paper subscription available from: Supt. of Docs., P.O. Box 371954, Pittsburgh, PA 15250-7954
|
| 040 |
|
|
|a N@F
|b eng
|c N@F
|d GAO
|d OKU
|d GPO
|d OCLCQ
|d GPO
|d OCLCQ
|d GPO
|d MUX
|d OCLCE
|d GPO
|d OCLCQ
|d OCLCA
|d OCLCQ
|d OCLCA
|d OCLCF
|d OCLCQ
|d WT2
|d OCLCA
|d UUM
|d OCLCQ
|d TOF
|d OCLCO
|d WYU
|d VT2
|d GPO
|d SFB
|d OCLCQ
|d OCLCO
|d WaSeSS
|
| 042 |
|
|
|a pcc
|
| 043 |
|
|
|a n-us---
|
| 050 |
|
4 |
|a UA25
|
| 074 |
|
|
|a 0322 (online)
|
| 082 |
0 |
4 |
|a 355.0092
|
| 086 |
0 |
|
|a D 101.12:
|
| 130 |
0 |
|
|a Soldiers (Online)
|
| 245 |
1 |
0 |
|a Soldiers
|h [electronic resource].
|
| 246 |
1 |
|
|i Some issues between <1997>-2001 called:
|a Soldiers online
|
| 246 |
1 |
3 |
|a Soldiers magazine
|
| 260 |
|
|
|a [Alexandria, Va.] :
|b [U.S. Dept. of the Army]
|
| 310 |
|
|
|a Annual,
|b 2012-2014
|
| 321 |
|
|
|a Monthly,
|b <-January 2012>
|
| 362 |
1 |
|
|a Print began with vol. 26, no. 6 (June 1971).
|
| 362 |
1 |
|
|a Ceased with: Volume 69, no. 1 (August 2014).
|
| 500 |
|
|
|a Title varies slightly.
|
| 506 |
|
|
|a License restrictions may limit access.
|
| 515 |
|
|
|a No Jan. or Mar. issues for 1996.
|
| 515 |
|
|
|a Jan. issues for 1997- have title: Soldiers almanac.
|
| 538 |
|
|
|a Mode of access: Internet at the DTIC web site. Addresses as of 11/21/01: http://www.dtic.mil/soldiers/oct2001/index.html (current issue) and: http://www.dtic.mil/soldiers/archive.html (archived issues); current access is available via PURLs.
|
| 550 |
|
|
|a Volumes for <Oct. 2001-> published under supervision of the Army, Chief of Public Affairs.
|
| 580 |
|
|
|a Continued by updating website with same title.
|
| 588 |
0 |
|
|a Vol. 49, no. 7 (July 1994); title from HTML caption (viewed Nov. 21, 2001).
|
| 588 |
1 |
|
|a Vol. 69, no. 1 (August 2014) (Army.mil website, viewed Nov. 18, 2019).
|
| 610 |
1 |
0 |
|a United States.
|b Army
|v Periodicals.
|
| 610 |
1 |
7 |
|a United States.
|b Army.
|2 fast
|0 (OCoLC)fst00533532
|
| 650 |
|
0 |
|a Soldiers
|z United States
|v Periodicals.
|
| 650 |
|
7 |
|a Soldiers.
|2 fast
|0 (OCoLC)fst01125233
|
| 651 |
|
7 |
|a United States.
|2 fast
|0 (OCoLC)fst01204155
|
| 653 |
0 |
|
|a Military and naval science
|
| 655 |
|
0 |
|a Electronic journals.
|
| 710 |
1 |
|
|a United States.
|b Department of the Army.
|
| 710 |
1 |
|
|a United States.
|b Department of the Army.
|b Office of the Chief of Public Affairs.
|
| 730 |
0 |
|
|a Hot topics.
|
| 740 |
0 |
2 |
|a Soldiers almanac.
|
| 770 |
0 |
|
|t Hot topics
|w (DLC) 2011230185
|w (OCoLC)721352106
|
| 776 |
0 |
8 |
|i Print version:
|t Soldiers
|x 0093-8440
|w (DLC) 70648923
|w (OCoLC)1644395
|
| 776 |
0 |
8 |
|i Continued as website:
|t Soldiers
|w (DLC) 2019230780
|w (OCoLC)1127912711
|
| 856 |
4 |
0 |
|z Full text available from Research Library: 01/01/1997 to 10/31/2011
|u https://search.proquest.com/publication/41344
|